5 Most Popular Sports in Germany - Statistics

General Stats
  • This quiz has been taken 83 times
  • The average score is 3 of 5
Answer Stats
Rank Sport % Correct
1 Soccer
99%
4 Basketball
91%
3 Ice Hockey
58%
2 Golf
38%
5 Formula 1
20%
No matching quizzes found
Score Distribution
Percent of People with Each Score
Percentile by Number Answered
Your Score History
You have not taken this quiz